000
00283nam a22001217a 4500
008
260225b ||||| |||| 00| 0 eng d
041
_a
shqip
080
_a
2.1
100
_a
20.1
101
_a
histori
245
_a
A narrative about war and freedom
_c
Bardh Hamzaj
942
_2
udc
_c
BK
999
_c
60863
_d
60863